书目信息 |
| 题名: |
中短篇小说选
|
|
| 作者: | 约卡伊 著 ;汤真 译 | |
| 分册: | ||
| 出版信息: | 北京 人民文学出版社 1984 |
|
| 页数: | 355页 | |
| 开本: | 19cm | |
| 丛书名: | ||
| 单 册: | ||
| 中图分类: | I515.44 | |
| 科图分类: | ||
| 主题词: | 中篇小说--匈牙利--近代--选集 , 短篇小说--匈牙利--近代--选集 | |
| 电子资源: | ||
| ISBN: | ||
| 000 | 00755nam0 2200265 45 | |
| 001 | 0184003729 | |
| 005 | 20040413090843.4 | |
| 010 | @dCNY1.05 | |
| 091 | @a10019.3670 | |
| 100 | @a19950727d1984 em y0chiy0121 ea | |
| 101 | 1 | @achi@chun |
| 102 | @aCN@b110000 | |
| 105 | @ay z 000ay | |
| 106 | @ar | |
| 200 | 10 | @a中短篇小说选@Azhong duan pian xiao shuo xuan@f(匈)约卡伊·莫尔著@g汤真等译 |
| 210 | @a北京@c人民文学出版社@d1984 | |
| 215 | @a355页@d19cm | |
| 606 | @a中篇小说@y匈牙利@z近代@x选集 | |
| 606 | @a短篇小说@y匈牙利@z近代@x选集 | |
| 690 | @aI515.44@v3 | |
| 701 | 0 | @a约卡伊@Ayue ka yi@b莫尔@4著 |
| 702 | 0 | @a汤真@Atang zhen@4译 |
| 801 | 0 | @aCN@b上海图书馆@c20040413 |
| 801 | 2 | @aCN@bNLC@c20040413 |
| 905 | @f1@b143109@dI515.44@e11 | |
| 中短篇小说选/(匈)约卡伊·莫尔著/汤真等译.-北京:人民文学出版社,1984 |
| 355页;19cm |
| ISBN :CNY1.05 |
| ● |
| 相关链接 |
|
|
|
|
正题名:中短篇小说选
索取号:I515.44/11
 
预约/预借
| 序号 | 登录号 | 条形码 | 馆藏地/架位号 | 状态 | 备注 |
| 1 | 0143105 | 000334533 | 第二借阅区/ [索取号:I515.44/11] | 在馆 | |
| 2 | 0143106 | 000334766 | 第二借阅区/ [索取号:I515.44/11] | 在馆 | |
| 3 | 0143107 | 000334800 | 第二借阅区/ [索取号:I515.44/11] | 在馆 | |
| 4 | 0143108 | 000334846 | 第二借阅区/ [索取号:I515.44/11] | 在馆 | |
| 5 | 0143109 | 000334882 | 第一样本阅览室/ [索取号:I515.44/11] | 在馆 |